000 00699nam a2200205Ia 4500
001 dia_6650
003 CHAP
005 20251030134944.0
008 220117s1988 xx 000 0 und d
010 _a177966
040 _cCHAP
_amxchpua
090 _aF 77 1988
100 1 _aPortillo Vázquez, Marcos
_991007
245 _aProgramación lineal aplicada a la agricultura : procesamiento en microcomputadora /
_c Marcos Portillo Vázquez y Laura Ixmukané Calderón Marroquín
260 _aMéxico :
_b UACh. Departamento de Economía Agrícola,
_c1988
901 _aF 77 1988
902 _aM
905 _a0000001988 MX 0000000000SPA00
942 _cFOLL
_2local
999 _c177966
_d177966